| 000 -ლიდერი |
| ფიქსირებული სიგრძის საკონტროლო ველი |
02301nam a22002777a 4500 |
| 003 - საკონტროლო ნომრის იდენტიფიკატორი |
| საკონტროლო ველი |
Ge_BSU |
| 005 - ბოლო ოპერაციის თარიღი და დრო |
| საკონტროლო ველი |
20250627153823.0 |
| 008 - ფიქსირებული სიგრძის მონაცემთა ელემენტები - ზოგადი ინფორმაცია |
| ფიქსირებული სიგრძის საკონტროლო ველი |
250627s2024 ge ||||| |||| 00| 0 geo d |
| 020 ## - წიგნის საერთაშორისო სტანდარტული ნომერი |
| International Standard Book Number |
9789941337819 |
| 041 ## - ენის კოდი |
| Language code of text/sound track or separate title |
geo |
| 080 ## - უნივერსალური ათობითი კლასიფიკაციის ინდექსი |
| Universal Decimal Classification number |
347.922(479.22)(094.5) მ-48 |
| 245 ## - ცნობა სათაურის შესახებ |
| Title |
მედიაციის შესახებ საქართველოს კანონის კომენტარი / |
| Statement of responsibility, etc |
ავტორები: ი. ადეიშვილი, გ. ბარნაბიშვილი, მ. ბიჭია, აკ. გაწერელია [და სხვა]; რედაქტორი ი. ყანდაშვილი. |
| 264 ## - წარმოების, გამოცემის, დისტრიბუციის და სხვა ცნობები |
| გამოცემის, წარმოების, დისტრიბუციის... ადგილი |
თბილისი : |
| გამოცემის, წარმოების, დისტრიბუციის... სახელწოდება |
უნივერსალი, |
| გამოცემის, წარმოების, დისტრიბუციის... თარიღი |
2024. |
| 300 ## - ფიზიკური აღწერა |
| Extent |
300 გვ. ; |
| Other physical details |
21 სმ. |
| 500 ## - ზოგადი შენიშვნა |
| General note |
გამოცემულია საქართველოს მედიატორთა ასოციაციის და გრიგოლ რობაქიძის სახ. უნივერსიტეტის მიერ გაეროს განვითარების პროგრამისა (UNDP) და გერმანიის მთავრობის მხარდაჭერით |
| 504 ## - BIBLIOGRAPHY, ETC. NOTE |
| Bibliography, etc |
ბიბლიოგრაფია ტექსტის შენიშვნებში. |
| 653 ## - INDEX TERM--UNCONTROLLED |
| Uncontrolled term |
კანონი მედიაციის შესახებ -- საქართველო |
| 700 ## - ADDED ENTRY--PERSONAL NAME |
| Personal name |
ყანდაშვილი, ირაკლი |
| Relator term |
ავტორი, რედაქტორი, წინასიტყვაობის ავტორი |
| 9 (RLIN) |
25556 |
| 700 ## - ADDED ENTRY--PERSONAL NAME |
| Personal name |
ადეიშვილი, ირაკლი |
| Relator term |
ავტორი |
| 9 (RLIN) |
25557 |
| 700 ## - ADDED ENTRY--PERSONAL NAME |
| Personal name |
ბარნაბიშვილი, გურამ |
| Relator term |
ავტორი |
| 9 (RLIN) |
25558 |
| 700 ## - ADDED ENTRY--PERSONAL NAME |
| Personal name |
სიხარულიძე, ტარიელ |
| Relator term |
ავტორი |
| 9 (RLIN) |
21117 |
| 700 ## - ADDED ENTRY--PERSONAL NAME |
| Personal name |
ბიჭია, მიხეილ |
| Relator term |
ავტორი |
| 9 (RLIN) |
8142 |
| 700 ## - ADDED ENTRY--PERSONAL NAME |
| Personal name |
ჯორბენაძე, სერგი და სხვ. |
| Relator term |
ავტორი. |
| 9 (RLIN) |
25559 |
| 856 ## - ELECTRONIC LOCATION AND ACCESS |
| Uniform Resource Identifier |
https://dspace.nplg.gov.ge/bitstream/1234/499251/1/MediaciisShesaxebSaqartvelosKanonisKomentari_2024.pdf |
| Link text |
ელ. ვერსია |
| 942 ## - ADDED ENTRY ELEMENTS (KOHA) |
| Source of classification or shelving scheme |
|
| Koha item type |
წიგნი |